Mưu lược Châu á
Cuốn sách nghiên cứu về các mưu lược sử dụng trong quân sự, chính trị chủ yếu ở Trung Hoa cổ. Sách có nội dung tương đồng với cuốn ' Mưu lược người xưa ' của Triệu Quốc Hoa
Gardado en:
| Autor Principal: | |
|---|---|
| Formato: | Libro |
| Idioma: | Undetermined |
| Publicado: |
Tp. HCM
Trẻ
1997
|
| Những chủ đề: | |
| Các nhãn: |
Engadir etiqueta
Sen Etiquetas, Sexa o primeiro en etiquetar este rexistro!
|
| Thư viện lưu trữ: | Trung tâm Học liệu Trường Đại học Cần Thơ |
|---|
| LEADER | 00763nam a2200181Ia 4500 | ||
|---|---|---|---|
| 001 | CTU_22690 | ||
| 008 | 210402s9999 xx 000 0 und d | ||
| 082 | |a 158 | ||
| 082 | |b Ch500 | ||
| 100 | |a Chin Ning Chu | ||
| 245 | 0 | |a Mưu lược Châu á | |
| 245 | 0 | |c Chin Ning Chu; Dịch giả: Lê Minh Đức | |
| 260 | |a Tp. HCM | ||
| 260 | |b Trẻ | ||
| 260 | |c 1997 | ||
| 520 | |a Cuốn sách nghiên cứu về các mưu lược sử dụng trong quân sự, chính trị chủ yếu ở Trung Hoa cổ. Sách có nội dung tương đồng với cuốn ' Mưu lược người xưa ' của Triệu Quốc Hoa | ||
| 650 | |a psychology, applied | ||
| 980 | |a Trung tâm Học liệu Trường Đại học Cần Thơ | ||